Countries With Less Than 0.001% of the World’s Population - Statistics

General Stats
  • This quiz has been taken 36 times
  • The average score is 8 of 9
Answer Stats
Population % of the
Population
Country % Correct
882 0.00001% Vatican City
97%
9,700 0.00012% Tuvalu
94%
40,600 0.00051% Liechtenstein
90%
38,600 0.00048% Monaco
90%
12,300
0.00014% Nauru
87%
17,600 0.00022% Palau
87%
34,100 0.00043% San Marino
84%
52,600 0.00043% Saint Kitts and Nevis
74%
62,700 0.00078% Dominica
52%
No matching quizzes found
Score Distribution
Percent of People with Each Score
Percentile by Number Answered
Your Score History
You have not taken this quiz